000 00749nam a2200217 i 4500
001 141893
003 ES-MaACL
005 20231207063033.0
007 t|
008 071001s1957 sp ||||1| spa d
100 1 _aViñas y Mey, Carmelo
_9115384
245 1 0 _aEn torno a los orígenes de la sociología /
_cCarmelo Viñas y Mey.
260 _a[S.l. :
_bs.n.,
_c1957]
300 _a260 p. ;
_c24 cm.
500 _aSeparata de: Congreso Internacional de Sociología, XVII, Beyrut, 1957.
650 4 _aSociología-
_vHistoria.
_917200
711 2 _aCongreso Internacional de Sociología (
_n17º.
_d1957.
_cBeirut)
_9454
852 _aES-MaACL
_jC-17688
_bR.44699
852 _aES-MaACL
_jC-18445
_bR.45646
999 _c141893
_d141893